Financiamiento para el desarrollo (Registro nro. 5152)
[ vista simple ]
| 000 -LEADER | |
|---|---|
| fixed length control field | 01591 a2200217 4500 |
| 001 - CONTROL NUMBER | |
| control field | 53234 |
| 005 - DATE AND TIME OF LATEST TRANSACTION | |
| control field | 20260407155806.0 |
| 008 - FIXED-LENGTH DATA ELEMENTS--GENERAL INFORMATION | |
| fixed length control field | 260407a2006 arg spa d |
| 003 - CONTROL NUMBER IDENTIFIER | |
| control field | AR-UNSa-BCEJYS |
| 040 ## - CATALOGING SOURCE | |
| Original cataloging agency | AR-UNSa-BCEJYS |
| Language of cataloging | spa |
| Transcribing agency | AR-UNSa-BCEJYS |
| 080 ## - UNIVERSAL DECIMAL CLASSIFICATION NUMBER | |
| Universal Decimal Classification number | 336.71 |
| Common auxiliary subdivision | Bancos. Sistema bancario |
| 020 ## - INTERNATIONAL STANDARD BOOK NUMBER | |
| International Standard Book Number | 92-1-322929-1 |
| 041 ## - LANGUAGE CODE | |
| Language code of text/sound track or separate title | spa |
| 100 1# - MAIN ENTRY--PERSONAL NAME | |
| Personal name | Stallings, Bárbara |
| 245 10 - TITLE STATEMENT | |
| Title | Financiamiento para el desarrollo |
| Name of part/section of a work | América Latina desde una perspectiva comparada |
| 264 #1 - PRODUCTION, PUBLICATION, DISTRIBUTION, MANUFACTURE, AND COPYRIGHT NOTICE | |
| Place of production, publication, distribution, manufacture | Santiago de Chile : |
| Name of producer, publisher, distributor, manufacturer | CEPAL (Comisión Económica para América Latina y el Caribe) |
| Date of production, publication, distribution, manufacture, or copyright notice | 2006 |
| 300 ## - PHYSICAL DESCRIPTION | |
| Extent | 389 p. |
| Dimensions | 23 cm. |
| 505 ## - FORMATTED CONTENTS NOTE | |
| Formatted contents note | 1. Financiamiento para el desarrollo: problemas y tendencias - Parte I: Modificaciones en el sistema financiero de América Latina desde 1990: comparaciones con Asia oriental - 2. Liberalización financiera,crisis y repercusiones - 3. Cambios en la estructura de propiedad: bancos públicos,privados y extranjeros - 4. En busca de la estabilidad: regulación,supervisión y entorno macroeconómico - 5. De bancos a mercados de capitales: nuevas fuentes de financiamiento - Parte II: El impacto del nuevo sistema financiero en la inversión y el acceso en América Latina - 6. Chile: la propiedad mixta proporciona un nuevo modelo - 7. México: los bancos extranjeros asumen el control - 8. Brasil: los bancos públicos siguen desempeñando un papel fundamental - Parte III: Recomendaciones de política para lograr un sistema financiero más fuerte - 9. Una agenda de políticas para el sector financiero |
| 590 ## - LOCAL NOTE (RLIN) | |
| Local note | niveau_biblio:m niveau_hierar:0 |
| 942 ## - ADDED ENTRY ELEMENTS (KOHA) | |
| Koha item type | |
| Withdrawn status | Lost status | Damaged status | Not for loan | Home library | Current library | Shelving location | Date acquired | Total checkouts | Full call number | Barcode | Date last seen | Price effective from | Koha item type |
|---|---|---|---|---|---|---|---|---|---|---|---|---|---|
| Biblioteca Prof. Eusebio Cleto del Rey | Biblioteca Prof. Eusebio Cleto del Rey | 07/04/2026 | 336.71 S775 | L116470 | 07/04/2026 | 07/04/2026 | Libro |